| Tag |
First Indicator |
Second Indicator |
Subfields |
| LEADER |
00000cam a2200000 4500 |
| 001 |
in00000062505 |
| 005 |
20151007082954.0 |
| 008 |
800428s1840 enka 00010 eng |
| 010 |
|
|
|a 05018955
|
| 035 |
|
|
|a (OCoLC)06254330
|
| 035 |
|
|
|9 AAF8668AM
|
| 040 |
|
|
|a DLC
|c TXA
|d UtOrBLW
|
| 049 |
|
|
|a TXAM
|c [199772]
|
| 050 |
|
0 |
|a HB161
|b .A87
|
| 092 |
|
|
|a 330
|b A878p
|
| 100 |
1 |
|
|a Atkinson, William,
|d active 1844.
|
| 245 |
1 |
0 |
|a Principles of political economy ;
|b or, The laws of the formation of national wealth: developed by means of the Christian law of government; being the substance of a case delivered to the Hand-loom weavers' commission /
|c By William Atkinson.
|
| 264 |
|
1 |
|a London :
|b Whittaker and co.,
|c 1840.
|
| 300 |
|
|
|a xvi, 247 pages :
|b folded diagram ;
|c 22 cm.
|
| 336 |
|
|
|a text
|b txt
|2 rdacontent
|
| 337 |
|
|
|a unmediated
|b n
|2 rdamedia
|
| 338 |
|
|
|a volume
|b nc
|2 rdacarrier
|
| 650 |
|
0 |
|a Economics.
|
| 650 |
|
0 |
|a Protectionism.
|
| 999 |
|
|
|a MARS
|
| 999 |
f |
f |
|s 6128d392-a14d-3460-a602-fc0cd174ed85
|i f4a11dea-6e8a-326b-92e3-a5ba53a3dc65
|t 0
|
| 952 |
f |
f |
|p normal
|a Texas A&M University
|b College Station
|c Sterling C. Evans Library
|d Evans: Library Stacks
|t 0
|e HB161 .A87
|h Library of Congress classification
|i unmediated -- volume
|m A14800684932
|
| 998 |
f |
f |
|a HB161 .A87
|t 0
|l Evans: Library Stacks
|